[Event "Montcalm 1 2025-26"]
[Site "Quebec CAN"]
[Date "2025.10.02"]
[Round "4"]
[White "Diotte, Jean-Raymond"]
[Black "Miskic, Zdenko"]
[Result "1-0"]
[WhiteElo "1409"]
[BlackElo "1582"]
[WhiteFideId "-1"]
[WhiteFideId "-1"]
[PlyCount "65"]
[GameId "2229241624451360"]
[EventDate "2025.09.11"]
[EventType "swiss"]
[EventRounds "5"]
[EventCountry "CAN"]

1. e4 d5 2. exd5 Qxd5 3. Nc3 Qa5 4. d4 c6 5. Nf3 Bg4 6. Be2 Nd7 7. O-O Ngf6 8. h3 Bh5 9. Be3 e6 10. a3 Be7 11. b4 Qd8 12. Qd3 Bg6 13. Qd2 O-O 14. Nh4 Ne4 15. Nxe4 Bxh4 16. Bd3 Nb6 17. Nc5 Qe7 18. Bxg6 hxg6 19. Qe2 Nd5 20. Bd2 Bf6 21. c3 Rfe8 22. Ne4 Qc7 23. Nxf6+ Nxf6 24. Qf3 e5 25. dxe5 Qxe5 26. Rfe1 Qd5 27. Be3 Ne4 28. Rad1 Qb3 29. Rd7 Qxc3 30. Qxf7+ Kh8 31. Bd4 Qxe1+ 32. Kh2 Nf6 33. Qxg7# 1-0

[Event "Montcalm 1 2025-26"]
[Site "Quebec CAN"]
[Date "2025.10.02"]
[Round "4"]
[White "Burigusa, Guillaume"]
[Black "Michaud, Jacques"]
[Result "0-1"]
[WhiteElo "1192"]
[BlackElo "1453"]
[WhiteFideId "-1"]
[WhiteFideId "-1"]
[PlyCount "74"]
[GameId "2229241624647970"]
[EventDate "2025.09.11"]
[EventType "swiss"]
[EventRounds "5"]
[EventCountry "CAN"]

1. e4 c5 2. Nc3 d6 3. Nf3 Nf6 4. Bc4 a6 5. a3 e6 6. O-O Qc7 7. Re1 Be7 8. d3 O-O 9. h3 Nc6 10. Bf4 e5 11. Bg3 Nd4 12. Nd5 Nxd5 13. Bxd5 Be6 14. Bxe6 Nxe6 15. c3 Qb6 16. Rb1 a5 17. Re2 Ng5 18. Rc2 Qb3 19. Rd2 Qe6 20. Nxg5 Bxg5 21. Re2 f5 22. b4 f4 23. Bh2 f3 24. Reb2 fxg2 25. Qb3 Qxb3 26. Rxb3 Rf3 27. c4 Raf8 28. Kxg2 Rxf2+ 29. Kh1 R8f3 30. d4 cxd4 31. Rxf3 Rxf3 32. bxa5 d3 33. Rd1 d2 34. Ra1 Re3 35. Kg2 Re1 36. Rxe1 dxe1=Q 37. Bg3 Qxe4+ 0-1

[Event "Montcalm 1 2025-26"]
[Site "Quebec CAN"]
[Date "2025.10.02"]
[Round "4"]
[White "Fleury, Dominic"]
[Black "Simard, Rejean"]
[Result "1-0"]
[WhiteElo "1344"]
[BlackElo "1037"]
[WhiteFideId "-1"]
[WhiteFideId "-1"]
[PlyCount "35"]
[GameId "2229241624647971"]
[EventDate "2025.09.11"]
[EventType "swiss"]
[EventRounds "5"]
[EventCountry "CAN"]

1. e4 g6 2. d4 Bg7 3. c3 a6 4. Nf3 d6 5. Bc4 e6 6. Nbd2 b5 7. Bb3 Bb7 8. O-O Nd7 9. Re1 Ne7 10. Nf1 O-O 11. Qd3 Rc8 12. Ng5 d5 13. Qh3 h5 14. Ng3 Nf6 15. e5 Nh7 16. Nxh7 Kxh7 17. Nxh5 Nf5 18. Nf6# 1-0

[Event "Montcalm 1 2025-26"]
[Site "Quebec CAN"]
[Date "2025.10.09"]
[Round "5"]
[White "Sauve, Richard"]
[Black "Auger, Bertrand"]
[Result "1/2-1/2"]
[WhiteElo "1831"]
[BlackElo "1808"]
[WhiteFideId "-1"]
[WhiteFideId "-1"]
[PlyCount "48"]
[GameId "2231739678469641"]
[EventDate "2025.09.11"]
[EventType "swiss"]
[EventRounds "5"]
[EventCountry "CAN"]

1. d4 Nf6 2. c4 e6 3. Nf3 b6 4. g3 Bb7 5. Bg2 Be7 6. O-O O-O 7. Nc3 Ne4 8. Qc2 Nxc3 9. Qxc3 Bf6 10. Be3 c5 11. Qd2 cxd4 12. Nxd4 Bxg2 13. Kxg2 d5 14. cxd5 Qxd5+ 15. Kg1 Bxd4 16. Qxd4 Qxd4 17. Bxd4 Nc6 18. Bc3 Rfd8 19. Rfd1 f6 20. Kf1 Kf7 21. e3 e5 22. Ke2 Ke6 23. Rxd8 Rxd8 24. Rd1 Rc8 1/2-1/2

[Event "Montcalm 1 2025-26"]
[Site "Quebec CAN"]
[Date "2025.10.09"]
[Round "5"]
[White "Barrera, Eduardo"]
[Black "Gaulin, Gaetan"]
[Result "1/2-1/2"]
[WhiteElo "1934"]
[BlackElo "1839"]
[WhiteFideId "-1"]
[WhiteFideId "-1"]
[PlyCount "95"]
[GameId "2231739679903242"]
[EventDate "2025.09.11"]
[EventType "swiss"]
[EventRounds "5"]
[EventCountry "CAN"]

1. e4 c6 2. d4 d5 3. e5 Bf5 4. Nf3 e6 5. Be2 Ne7 6. c3 Nd7 7. O-O h6 8. Nbd2 Ng6 9. Nb3 a5 10. Be3 a4 11. Nc1 Be7 12. Nd2 Ngf8 13. g4 Bh7 14. f4 b5 15. Nd3 Nb6 16. b3 Nfd7 17. Rf3 O-O 18. b4 Nc4 19. Nxc4 dxc4 20. Nf2 Nb6 21. Rh3 Nd5 22. Bd2 f6 23. exf6 Bxf6 24. Bf3 Be7 25. Qe2 Qd7 26. Re1 Bd6 27. Qxe6+ Qxe6 28. Rxe6 Nxf4 29. Bxf4 Bxf4 30. Bxc6 Rab8 31. d5 Kh8 32. Re1 Bg6 33. Kg2 Be8 34. Bxe8 Rfxe8 35. Rxe8+ Rxe8 36. Kf3 Be5 37. Nd1 Kg8 38. Rh5 Bd6 39. Ne3 Kh7 40. Rh3 Re5 41. Ke2 g6 42. Rf3 Kg7 43. h3 Bc7 44. Kf2 Bb6 45. d6 Rd5 46. Ke2 Bxe3 47. Rxe3 Rxd6 48. h4 1/2-1/2

[Event "Montcalm 1 2025-26"]
[Site "Quebec CAN"]
[Date "2025.10.09"]
[Round "5"]
[White "Mercure, Gilbert"]
[Black "Poliquin, Yvon"]
[Result "1-0"]
[WhiteElo "1840"]
[BlackElo "1827"]
[WhiteFideId "-1"]
[WhiteFideId "-1"]
[PlyCount "75"]
[GameId "2231739680361995"]
[EventDate "2025.09.11"]
[EventType "swiss"]
[EventRounds "5"]
[EventCountry "CAN"]

1. e4 e5 2. Nf3 Nc6 3. Bc4 Nf6 4. d4 exd4 5. e5 Ng4 6. Bxf7+ Kxf7 7. Ng5+ Ke8 8. Qxg4 Bb4+ 9. c3 dxc3 10. bxc3 d6 11. e6 Ne5 12. Qe4 Bc5 13. O-O h6 14. Nf7 Nxf7 15. exf7+ Kxf7 16. Be3 Bb6 17. Nd2 Qf6 18. Bxb6 axb6 19. Qc4+ Kg6 20. Rae1 Bf5 21. g4 Bd7 22. Qe4+ Kf7 23. Qxb7 Qg5 24. Re3 Rac8 25. Ne4 Qf4 26. Rf3 Qxf3 27. Nxd6+ cxd6 28. Qxf3+ Ke7 29. Re1+ Kd8 30. Qb7 Re8 31. Qxb6+ Rc7 32. Qb8+ Rc8 33. Rxe8+ Kxe8 34. Qxd6 Rc6 35. Qe5+ Re6 36. Qb8+ Ke7 37. f3 Re2 38. a4 1-0

[Event "Montcalm 1 2025-26"]
[Site "Quebec CAN"]
[Date "2025.10.09"]
[Round "5"]
[White "Fecteau, Martin"]
[Black "Tremblay, Noah"]
[Result "0-1"]
[WhiteElo "1772"]
[BlackElo "1672"]
[WhiteFideId "-1"]
[WhiteFideId "-1"]
[PlyCount "96"]
[GameId "2231739680439820"]
[EventDate "2025.09.11"]
[EventType "swiss"]
[EventRounds "5"]
[EventCountry "CAN"]

1. d4 Nf6 2. Nf3 e6 3. g3 d5 4. Bg2 Be7 5. O-O O-O 6. Nbd2 c5 7. c3 Nc6 8. b3 cxd4 9. cxd4 Qc7 10. Bb2 b5 11. Rc1 Bb7 12. Ne5 Rac8 13. Nd3 Qb8 14. Nc5 Bxc5 15. Rxc5 a6 16. Qb1 Ne7 17. b4 Nd7 18. Rxc8 Rxc8 19. Nb3 Nb6 20. Nc5 Nc4 21. Bc1 Ng6 22. h4 Rd8 23. Qd3 e5 24. dxe5 Ngxe5 25. Qc3 Nc6 26. a3 Re8 27. Qd3 d4 28. Qd1 Qa7 29. Bf3 Re7 30. h5 h6 31. Qc2 Nd8 32. Nxb7 Nxb7 33. Qf5 Nbd6 34. Qg4 Ne5 35. Qf4 Nxf3+ 36. Qxf3 Qb7 37. Kg2 Rxe2 38. Qxb7 Nxb7 39. Kf3 Re5 40. Rd1 Rxh5 41. Rxd4 Rf5+ 42. Ke3 Rf6 43. Rd7 Nd6 44. Kd3 Nc4 45. f4 Rg6 46. Kd4 Rxg3 47. Rd8+ Kh7 48. f5 Rg1 0-1

[Event "Montcalm 1 2025-26"]
[Site "Quebec CAN"]
[Date "2025.10.09"]
[Round "5"]
[White "Bourassa, Samuel"]
[Black "Bergeron, Nicolas"]
[Result "1-0"]
[WhiteElo "2069"]
[BlackElo "1647"]
[WhiteFideId "-1"]
[WhiteFideId "-1"]
[PlyCount "73"]
[GameId "2231739680439821"]
[EventDate "2025.09.11"]
[EventType "swiss"]
[EventRounds "5"]
[EventCountry "CAN"]

1. e4 c5 2. Nc3 Nc6 3. g3 g6 4. Bg2 Bg7 5. f4 d6 6. Nf3 e5 7. d3 Nge7 8. O-O Nd4 9. Ne2 a6 10. a4 h5 11. c3 Nxf3+ 12. Bxf3 Bh3 13. Rf2 Qd7 14. d4 h4 15. dxe5 hxg3 16. hxg3 dxe5 17. Be3 Rc8 18. Qxd7+ Bxd7 19. b3 b6 20. Rd1 Bc6 21. a5 b5 22. Bxc5 Bxe4 23. Bxe4 Rxc5 24. Bb7 exf4 25. Rxf4 Bxc3 26. b4 Rg5 27. Bxa6 Be5 28. Bxb5+ Kf8 29. Re4 Bxg3 30. Nxg3 Rxg3+ 31. Kf2 Nf5 32. Re8+ Kg7 33. Rxh8 Kxh8 34. Ra1 Rb3 35. a6 Rb2+ 36. Kg1 Rxb4 37. Bc6 1-0

[Event "Montcalm 1 2025-26"]
[Site "Quebec CAN"]
[Date "2025.10.09"]
[Round "5"]
[White "Michaud, Jacques"]
[Black "Savard, Alexandre"]
[Result "0-1"]
[WhiteElo "1453"]
[BlackElo "1753"]
[WhiteFideId "-1"]
[WhiteFideId "-1"]
[PlyCount "52"]
[GameId "2231739680439822"]
[EventDate "2025.09.11"]
[EventType "swiss"]
[EventRounds "5"]
[EventCountry "CAN"]

1. Nf3 Nf6 2. d4 e6 3. g3 c5 4. a3 cxd4 5. b4 Nc6 6. Nxd4 e5 7. Nxc6 bxc6 8. Bb2 Qc7 9. c4 a5 10. c5 axb4 11. axb4 Rxa1 12. Bxa1 Qb8 13. Qd2 Bxc5 14. bxc5 Qxb1+ 15. Qd1 Qb4+ 16. Qd2 Qxc5 17. Bg2 O-O 18. O-O Ba6 19. Rc1 Qe7 20. Qa5 Bb5 21. e4 Re8 22. Qc3 Qe6 23. f4 exf4 24. gxf4 Qg4 25. Kh1 Qxf4 26. Rf1 Bxf1 0-1

[Event "Montcalm 1 2025-26"]
[Site "Quebec CAN"]
[Date "2025.10.09"]
[Round "5"]
[White "Oliver, Vance"]
[Black "Genest, Dominic"]
[Result "0-1"]
[WhiteElo "1395"]
[BlackElo "1747"]
[WhiteFideId "-1"]
[WhiteFideId "-1"]
[PlyCount "58"]
[GameId "2231739680439823"]
[EventDate "2025.09.11"]
[EventType "swiss"]
[EventRounds "5"]
[EventCountry "CAN"]

1. e4 e6 2. d4 d5 3. Nd2 a6 4. Bd3 c5 5. c3 Nc6 6. Ne2 dxe4 7. Nxe4 cxd4 8. Nxd4 Nxd4 9. cxd4 Bb4+ 10. Kf1 Be7 11. Be3 Nf6 12. h3 Nd5 13. Qe2 O-O 14. Rc1 Bd7 15. h4 Nb4 16. Bc4 Rc8 17. Kg1 Bc6 18. Ng5 Nd5 19. Rh3 Qd7 20. Bxd5 Qxd5 21. Rg3 Bd6 22. Qg4 Bxg3 23. Qxg3 Qf5 24. Bf4 f6 25. Nh3 Qg6 26. Qxg6 hxg6 27. Bd6 Rfd8 28. Bc5 Bd5 29. a4 b6 0-1

[Event "Montcalm 1 2025-26"]
[Site "Quebec CAN"]
[Date "2025.10.09"]
[Round "5"]
[White "Lamini, Cedric"]
[Black "Diotte, Jean-Raymond"]
[Result "1-0"]
[WhiteElo "1614"]
[BlackElo "1409"]
[WhiteFideId "-1"]
[WhiteFideId "-1"]
[PlyCount "87"]
[GameId "2231739680439824"]
[EventDate "2025.09.11"]
[EventType "swiss"]
[EventRounds "5"]
[EventCountry "CAN"]

1. d4 d5 2. c4 e6 3. Nf3 Nf6 4. g3 Be7 5. Bg2 O-O 6. O-O b6 7. Qc2 h6 8. Rd1 Bb7 9. Ne5 Nbd7 10. b3 c5 11. e3 Rc8 12. Qe2 Qc7 13. Nxd7 Qxd7 14. dxc5 Bxc5 15. cxd5 exd5 16. Bb2 Qe7 17. Qf3 Rfd8 18. Bxf6 Qxf6 19. Qxf6 gxf6 20. Nc3 Bxe3 21. Nxd5 Bxd5 22. Bxd5 Bc5 23. Kg2 Ba3 24. Rab1 a5 25. Kh3 Kf8 26. Bc4 Rd6 27. Rxd6 Bxd6 28. Rd1 Bc5 29. Rd7 Be7 30. Rb7 Rc6 31. a4 Rd6 32. f4 Rc6 33. f5 Rc5 34. g4 h5 35. Rxb6 hxg4+ 36. Kxg4 Kg7 37. Rb7 Re5 38. Kf4 Kf8 39. h3 Kg7 40. h4 Kh7 41. Bxf7 Kg7 42. Be6 Kf8 43. h5 Bb4 44. Rf7+ 1-0

[Event "Montcalm 1 2025-26"]
[Site "Quebec CAN"]
[Date "2025.10.09"]
[Round "5"]
[White "Boissinot, Claude"]
[Black "Cantin, Guillaume"]
[Result "1-0"]
[WhiteElo "1462"]
[BlackElo "1306"]
[WhiteFideId "-1"]
[WhiteFideId "-1"]
[PlyCount "59"]
[GameId "2231739680443921"]
[EventDate "2025.09.11"]
[EventType "swiss"]
[EventRounds "5"]
[EventCountry "CAN"]

1. e4 e6 2. d4 d5 3. Nc3 Nf6 4. e5 Nfd7 5. Nf3 c5 6. Be3 Nc6 7. Bb5 Be7 8. Bxc6 bxc6 9. dxc5 Bxc5 10. Bxc5 Nxc5 11. b4 Nd7 12. O-O O-O 13. a3 Nb6 14. Re1 Nc4 15. Nd4 Qc7 16. f4 a5 17. b5 c5 18. Nf3 d4 19. Ne4 Ne3 20. Qe2 Bb7 21. Nfg5 h6 22. Qh5 Nxc2 23. Nf6+ Kh8 24. Ng4 Kg8 25. Nxh6+ gxh6 26. Qxh6 Rfd8 27. Qh7+ Kf8 28. Qh8+ Ke7 29. Qf6+ Kf8 30. Nxe6+ 1-0

[Event "Montcalm 1 2025-26"]
[Site "Quebec CAN"]
[Date "2025.10.09"]
[Round "5"]
[White "Marquis, Paul"]
[Black "Talbot, Raymond"]
[Result "1-0"]
[WhiteElo "1834"]
[BlackElo "1520"]
[WhiteFideId "-1"]
[WhiteFideId "-1"]
[PlyCount "77"]
[GameId "2231739680443922"]
[EventDate "2025.09.11"]
[EventType "swiss"]
[EventRounds "5"]
[EventCountry "CAN"]

1. e4 e5 2. Nf3 Nc6 3. Bb5 Nf6 4. Qe2 d6 5. c3 a6 6. Ba4 b5 7. Bb3 Na5 8. Bc2 c5 9. O-O Be7 10. Rd1 c4 11. b4 Nc6 12. a4 Bg4 13. d3 Be6 14. Na3 cxd3 15. Bxd3 Bb3 16. Bc2 Bxa4 17. Bxa4 bxa4 18. Nc4 O-O 19. Bg5 Ne8 20. Bxe7 Qxe7 21. Ne3 g6 22. Nd5 Qb7 23. Rxa4 Nc7 24. Nxc7 Qxc7 25. Rxa6 Rxa6 26. Qxa6 Nb8 27. Qd3 Rc8 28. Qxd6 Qxc3 29. Nxe5 Qc2 30. Qd5 Qc7 31. b5 Re8 32. Nc6 Nxc6 33. bxc6 Qb6 34. g3 Rc8 35. Rc1 Qb2 36. Rc4 Ra8 37. c7 Ra2 38. c8=Q+ Kg7 39. Qd4+ 1-0

[Event "Montcalm 1 2025-26"]
[Site "Quebec CAN"]
[Date "2025.10.09"]
[Round "5"]
[White "Miskic, Zdenko"]
[Black "Fortin, Claude"]
[Result "0-1"]
[WhiteElo "1582"]
[BlackElo "1447"]
[WhiteFideId "-1"]
[WhiteFideId "-1"]
[PlyCount "100"]
[GameId "2231739680443923"]
[EventDate "2025.09.11"]
[EventType "swiss"]
[EventRounds "5"]
[EventCountry "CAN"]

1. e4 e6 2. Bb5 c6 3. Ba4 d5 4. exd5 exd5 5. c3 Nf6 6. Nf3 Be7 7. O-O O-O 8. d4 Bg4 9. h3 Bh5 10. Bf4 Ne4 11. Nbd2 f5 12. Qc2 Nd7 13. Ne5 Ndf6 14. f3 Nd6 15. Rfe1 Re8 16. Nf1 Bf8 17. Ng3 Bf7 18. Nxf5 Be6 19. Nxc6 Bxf5 20. Qxf5 Nxf5 21. Nxd8 Rxe1+ 22. Rxe1 Rxd8 23. Bb3 Rd7 24. g4 Nh4 25. Kf2 Ng6 26. Bg5 Kf7 27. h4 h6 28. Bxf6 Kxf6 29. h5 Nf4 30. Bc2 Bd6 31. Re8 Re7 32. Rf8+ Rf7 33. Rxf7+ Kxf7 34. Ke3 Ke7 35. b3 b5 36. a4 a6 37. axb5 axb5 38. b4 Kf6 39. Bf5 Ne6 40. Bd3 Bf4+ 41. Ke2 Nc7 42. Bf5 Kg5 43. Bd7 Kh4 44. c4 dxc4 45. d5 Bd6 46. Ke3 Nxd5+ 47. Ke4 Nc7 48. Kd4 Bxb4 49. f4 Kg3 50. g5 Kxf4 0-1

[Event "Montcalm 1 2025-26"]
[Site "Quebec CAN"]
[Date "2025.10.09"]
[Round "5"]
[White "Pepin, Pierre-Luc"]
[Black "Tellez Perez, Vicente"]
[Result "1-0"]
[WhiteElo "1137"]
[BlackElo "1274"]
[WhiteFideId "-1"]
[WhiteFideId "-1"]
[PlyCount "53"]
[GameId "2231739680443925"]
[EventDate "2025.09.11"]
[EventType "swiss"]
[EventRounds "5"]
[EventCountry "CAN"]

1. d4 d5 2. c4 Nf6 3. e3 g6 4. Nd2 Bg7 5. Ngf3 Nc6 6. a3 O-O 7. b4 Re8 8. Bb2 a6 9. Be2 e5 10. dxe5 Ng4 11. Qb3 Ngxe5 12. cxd5 Nxf3+ 13. Bxf3 Bxb2 14. Qxb2 Ne5 15. Qb3 Qf6 16. Rc1 Bg4 17. Bxg4 Nxg4 18. O-O Re5 19. Rxc7 Nxh2 20. f4 Nxf1 21. fxe5 Qxe5 22. d6 Qxe3+ 23. Kxf1 Qxb3 24. Nxb3 Kg7 25. Nc5 b5 26. d7 g5 27. Rc8 1-0

[Event "Montcalm 4 2024-25"]
[Site "Quebec CAN"]
[Date "2025.01.09"]
[Round "1"]
[White "Barrera, Eduardo"]
[Black "Bourassa, Samuel"]
[Result "0-1"]
[WhiteElo "1663"]
[BlackElo "2058"]
[WhiteFideId "-1"]
[WhiteFideId "-1"]
[PlyCount "46"]
[GameId "2133003093779976"]
[EventDate "2025.01.09"]
[EventType "swiss"]
[EventRounds "5"]
[EventCountry "CAN"]

1. e4 c5 2. Nf3 d6 3. d4 cxd4 4. Nxd4 Nf6 5. Nc3 g6 6. Bc4 Bg7 7. Bb3 Nc6 8. f3 Nxd4 9. Qxd4 O-O 10. Be3 Ng4 11. Qd2 Nxe3 12. Qxe3 Be6 13. Bxe6 fxe6 14. Rd1 Qa5 15. h4 Qb4 16. h5 Qxb2 17. Ne2 Rac8 18. hxg6 hxg6 19. Nd4 Qb4+ 20. Kf2 Rc3 21. Qg5 Bxd4+ 22. Kg3 Be5+ 23. Kh3 Qxe4 0-1

[Event "Montcalm 4 2024-25"]
[Site "Quebec CAN"]
[Date "2025.01.09"]
[Round "1"]
[White "Bourassa, Louis"]
[Black "Glode, Martin"]
[Result "1/2-1/2"]
[WhiteElo "1479"]
[BlackElo "1856"]
[WhiteFideId "-1"]
[WhiteFideId "-1"]
[PlyCount "80"]
[GameId "2133003093792271"]
[EventDate "2025.01.09"]
[EventType "swiss"]
[EventRounds "5"]
[EventCountry "CAN"]

1. Nf3 d6 2. g3 e5 3. d3 Nf6 4. Bg2 Be7 5. c4 O-O 6. Nc3 c6 7. O-O Nbd7 8. a4 a5 9. d4 Qc7 10. e4 Re8 11. Qe2 Bf8 12. Rd1 h6 13. Be3 Ng4 14. Nh4 Nxe3 15. Qxe3 exd4 16. Qxd4 Nc5 17. Ra3 Bg4 18. Rf1 Rad8 19. h3 Bc8 20. Rd1 Be7 21. Nf5 Bf8 22. Kh2 Na6 23. Raa1 Nc5 24. Ra3 Ne6 25. Qd2 Nc5 26. Qf4 Ne6 27. Qg4 Kh7 28. Qf3 Ng5 29. Qf4 g6 30. Ne3 Bg7 31. Nf1 Ne6 32. Qc1 Qb6 33. Ne3 Nc5 34. Qc2 Be6 35. Ne2 Na6 36. Rad3 Nb4 37. Qb3 Qc7 38. R3d2 Na6 39. Qc2 Nb4 40. Qb1 Qb6 1/2-1/2

[Event "Montcalm 4 2024-25"]
[Site "Quebec CAN"]
[Date "2025.01.09"]
[Round "1"]
[White "Diotte, Jean-Raymond"]
[Black "Demushkina, Alina"]
[Result "0-1"]
[WhiteElo "1418"]
[BlackElo "1783"]
[WhiteFideId "-1"]
[WhiteFideId "-1"]
[PlyCount "82"]
[GameId "2133003093796370"]
[EventDate "2025.01.09"]
[EventType "swiss"]
[EventRounds "5"]
[EventCountry "CAN"]

1. e4 c5 2. Nf3 d6 3. d4 cxd4 4. Nxd4 Nf6 5. Nc3 Nc6 6. g3 e6 7. Nxc6 bxc6 8. Bg2 d5 9. O-O Be7 10. b3 Bb7 11. Bb2 d4 12. Ne2 c5 13. Qd3 O-O 14. h3 e5 15. f4 Bd6 16. c4 Re8 17. f5 a5 18. g4 h6 19. Rfe1 a4 20. Ng3 axb3 21. axb3 Qb6 22. Ra3 Rxa3 23. Bxa3 Bc6 24. Ra1 Rb8 25. Rb1 Ba4 26. Rb2 Bc6 27. Bf3 Qa5 28. Ra2 Qe1+ 29. Kg2 Ra8 30. Qd1 Qxd1 31. Bxd1 Nxe4 32. Bf3 Nxg3 33. Bxc6 Rc8 34. Bf3 e4 35. Bd1 Ra8 36. Kf2 g6 37. fxg6 fxg6 38. Ke1 h5 39. Bc2 Rf8 40. Bc1 Rf1+ 41. Kd2 Bf4# 0-1

[Event "Montcalm 4 2024-25"]
[Site "Quebec CAN"]
[Date "2025.01.09"]
[Round "1"]
[White "Drolet, Stephane"]
[Black "Lavoie, Alexis"]
[Result "1-0"]
[WhiteElo "2046"]
[BlackElo "1641"]
[WhiteFideId "-1"]
[WhiteFideId "-1"]
[PlyCount "47"]
[GameId "2133003093779977"]
[EventDate "2025.01.09"]
[EventType "swiss"]
[EventRounds "5"]
[EventCountry "CAN"]

1. Nf3 d5 2. b3 c5 3. Bb2 Nf6 4. e3 Nc6 5. Bb5 a6 6. Bxc6+ bxc6 7. Ne5 Nd7 8. f4 Nxe5 9. fxe5 h5 10. O-O Bg4 11. Qe1 e6 12. Nc3 Be7 13. Na4 Bh4 14. Qc1 Qg5 15. Rf4 d4 16. Qf1 Qe7 17. Ba3 Qc7 18. Bxc5 g5 19. Bd6 Qa7 20. Rxd4 Rb8 21. Qf6 Rh7 22. Bxb8 Qxb8 23. g3 c5 24. Nxc5 1-0

[Event "Montcalm 4 2024-25"]
[Site "Quebec CAN"]
[Date "2025.01.09"]
[Round "1"]
[White "Fleury, Dominic"]
[Black "Bergeron, Nicolas"]
[Result "1-0"]
[WhiteElo "1310"]
[BlackElo "1768"]
[WhiteFideId "-1"]
[WhiteFideId "-1"]
[PlyCount "57"]
[GameId "2133003093796371"]
[EventDate "2025.01.09"]
[EventType "swiss"]
[EventRounds "5"]
[EventCountry "CAN"]

1. e4 c5 2. Nf3 d6 3. c4 Nf6 4. Nc3 e5 5. d3 g6 6. g3 Bg7 7. Bg2 Be6 8. O-O Nc6 9. a3 Qc8 10. Na2 Bh3 11. b4 h5 12. b5 Nd4 13. Nc3 Nxf3+ 14. Qxf3 h4 15. Bg5 Bxg2 16. Kxg2 hxg3 17. fxg3 Qh3+ 18. Kf2 Ng4+ 19. Ke2 f6 20. Nd5 Nxh2 21. Nxf6+ Bxf6 22. Qxf6 Kd7 23. Qg7+ Kc8 24. Rf8+ Rxf8 25. Qxf8+ Kc7 26. Qxa8 Qg2+ 27. Kd1 Qf1+ 28. Kc2 Qe2+ 29. Kc3 1-0

[Event "Montcalm 4 2024-25"]
[Site "Quebec CAN"]
[Date "2025.01.09"]
[Round "1"]
[White "Gaulin, Gaetan"]
[Black "Gagnon, Alain"]
[Result "1/2-1/2"]
[WhiteElo "1921"]
[BlackElo "1597"]
[WhiteFideId "-1"]
[WhiteFideId "-1"]
[PlyCount "81"]
[GameId "2133003093784075"]
[EventDate "2025.01.09"]
[EventType "swiss"]
[EventRounds "5"]
[EventCountry "CAN"]

1. c4 c5 2. Nf3 b6 3. g3 Bb7 4. Bg2 Nf6 5. Nc3 Nc6 6. O-O g6 7. d3 Bg7 8. e4 e5 9. Ne1 O-O 10. f4 Ne8 11. f5 Nc7 12. Nc2 d6 13. g4 g5 14. Be3 f6 15. Bf2 Nd4 16. Nd5 Nxd5 17. exd5 Nxc2 18. Qxc2 Qd7 19. Be4 Kf7 20. Kg2 Ke7 21. Rh1 Qe8 22. h4 h6 23. hxg5 hxg5 24. Rh7 Qf7 25. Rah1 Rh8 26. Qd1 Rxh7 27. Rxh7 Rh8 28. Qh1 Rxh7 29. Qxh7 a6 30. Qh1 Qe8 31. Qd1 b5 32. Be1 b4 33. a3 a5 34. axb4 axb4 35. Qa1 Qa8 36. Qxa8 Bxa8 37. Bf3 Bb7 38. Bd1 Bc8 39. Ba4 Bd7 40. Bxd7 Kxd7 41. b3 1/2-1/2

[Event "Montcalm 4 2024-25"]
[Site "Quebec CAN"]
[Date "2025.01.09"]
[Round "1"]
[White "Huxley, Zachary"]
[Black "Auger, Bertrand"]
[Result "1-0"]
[WhiteElo "1500"]
[BlackElo "1883"]
[WhiteFideId "-1"]
[WhiteFideId "-1"]
[PlyCount "37"]
[GameId "2133003093792270"]
[EventDate "2025.01.09"]
[EventType "swiss"]
[EventRounds "5"]
[EventCountry "CAN"]

1. e4 e6 2. Nf3 c5 3. c3 Nc6 4. d4 cxd4 5. cxd4 Bb4+ 6. Nc3 Nf6 7. Bd3 d5 8. e5 Ne4 9. Bd2 Nxd2 10. Qxd2 Qa5 11. O-O Bd7 12. Qg5 O-O 13. Bxh7+ Kxh7 14. Qh5+ Kg8 15. Ng5 Rfd8 16. Qxf7+ Kh8 17. Qh5+ Kg8 18. Qh7+ Kf8 19. Qh8+ 1-0

[Event "Montcalm 4 2024-25"]
[Site "Quebec CAN"]
[Date "2025.01.09"]
[Round "1"]
[White "Marquis, Paul"]
[Black "Miskic, Zdenko"]
[Result "0-1"]
[WhiteElo "1888"]
[BlackElo "1546"]
[WhiteFideId "-1"]
[WhiteFideId "-1"]
[PlyCount "112"]
[GameId "2133003093788173"]
[EventDate "2025.01.09"]
[EventType "swiss"]
[EventRounds "5"]
[EventCountry "CAN"]

1. e4 c6 2. d4 d5 3. e5 Bf5 4. h4 h6 5. g4 Bh7 6. Bd3 Bxd3 7. Qxd3 e6 8. Nf3 c5 9. Nc3 Nc6 10. a3 cxd4 11. Ne2 Qc7 12. Bf4 Rc8 13. Nexd4 Nxd4 14. Nxd4 a6 15. h5 Bc5 16. c3 Ne7 17. O-O Nc6 18. b4 Ba7 19. Nf3 Qb6 20. a4 Bb8 21. b5 axb5 22. axb5 Na5 23. Be3 Qd8 24. Bd4 Nc4 25. Qe2 O-O 26. Nd2 Qg5 27. Nxc4 Rxc4 28. f4 Qe7 29. b6 f6 30. exf6 gxf6 31. Rae1 Rc6 32. Rf2 Qd6 33. Qd3 Qe7 34. Qg6+ Qg7 35. Qxg7+ Kxg7 36. Ref1 Bd6 37. g5 hxg5 38. fxg5 e5 39. gxf6+ Kh6 40. Be3+ Kxh5 41. Rf5+ Kg6 42. Rg5+ Kf7 43. Rg7+ Ke6 44. Rxb7 Rxf6 45. Rxf6+ Kxf6 46. Rd7 Ke6 47. Rd8 Rxc3 48. Kf2 d4 49. Bg5 Rb3 50. Re8+ Kd7 51. Rd8+ Kc6 52. Rc8+ Kxb6 53. Be7 Kb7 54. Re8 Kc6 55. Bf6 Kd5 56. Rd8 Ke6 0-1

[Event "Montcalm 4 2024-25"]
[Site "Quebec CAN"]
[Date "2025.01.09"]
[Round "1"]
[White "Rainfray, Arnaud"]
[Black "Dumont, Eric"]
[Result "1-0"]
[WhiteElo "2354"]
[BlackElo "1695"]
[WhiteFideId "-1"]
[WhiteFideId "-1"]
[PlyCount "31"]
[GameId "2133003093771783"]
[EventDate "2025.01.09"]
[EventType "swiss"]
[EventRounds "5"]
[EventCountry "CAN"]

1. e4 c6 2. c4 d5 3. exd5 cxd5 4. cxd5 Qxd5 5. Nc3 Qa5 6. d4 Nf6 7. Nf3 g6 8. Ne5 a6 9. Qb3 e6 10. Nc4 Qd8 11. Nb6 Ra7 12. Bf4 Nbd7 13. Nc4 e5 14. dxe5 Nc5 15. Qb6 Qd4 16. Qxf6 1-0

[Event "Montcalm 4 2024-25"]
[Site "Quebec CAN"]
[Date "2025.01.09"]
[Round "1"]
[White "Sarra-Bournet, Marc"]
[Black "Fortin, Claude"]
[Result "0-1"]
[WhiteElo "1837"]
[BlackElo "1424"]
[WhiteFideId "-1"]
[WhiteFideId "-1"]
[PlyCount "112"]
[GameId "2133003093796369"]
[EventDate "2025.01.09"]
[EventType "swiss"]
[EventRounds "5"]
[EventCountry "CAN"]

1. e4 c5 2. Nc3 Nc6 3. f4 d6 4. Nf3 Nf6 5. Bc4 e6 6. O-O Be7 7. d3 O-O 8. Bd2 d5 9. Bb5 Nd4 10. e5 Nxf3+ 11. Qxf3 Nd7 12. Bxd7 Bxd7 13. Rae1 Qb6 14. Nd1 Rac8 15. c4 dxc4 16. dxc4 Bc6 17. Qg3 Rcd8 18. Bc1 Kh8 19. f5 exf5 20. Rxf5 Bd7 21. Ne3 Qg6 22. Qxg6 hxg6 23. Rff1 Be6 24. Rd1 Rxd1 25. Rxd1 Rd8 26. Nd5 Bf8 27. Bg5 Rd7 28. Rd2 b5 29. b3 bxc4 30. bxc4 Rb7 31. h3 a5 32. Rf2 a4 33. Rf4 a3 34. Rf3 Ra7 35. Bc1 Ra4 36. Nc7 Bxc4 37. Rf4 Ra7 38. Rxc4 Rxc7 39. Bxa3 Rc6 40. Bb2 Be7 41. a4 Ra6 42. Bc3 f6 43. Re4 f5 44. Rc4 Kg8 45. a5 Kf7 46. Kf2 Ke6 47. Kf3 Kd5 48. Ra4 g5 49. g3 Bd8 50. Ke3 Bc7 51. Ra1 Bxe5 52. Rd1+ Ke6 53. Rb1 Bxc3 54. Rb6+ Rxb6 55. axb6 Bd4+ 56. Kd3 Kd7 0-1